<?xml version="1.0" encoding="UTF-8"?>
<record
    xmlns:xsi="http://www.w3.org/2001/XMLSchema-instance"
    xsi:schemaLocation="http://www.loc.gov/MARC21/slim http://www.loc.gov/standards/marcxml/schema/MARC21slim.xsd"
    xmlns="http://www.loc.gov/MARC21/slim">

  <leader>01662nam a22002057a 4500</leader>
  <controlfield tag="008">140829b        xxu||||| |||| 00| 0 eng d</controlfield>
  <datafield tag="020" ind1=" " ind2=" ">
    <subfield code="a">8450090199</subfield>
  </datafield>
  <datafield tag="082" ind1=" " ind2=" ">
    <subfield code="a">759.949.2</subfield>
    <subfield code="b">M741n</subfield>
  </datafield>
  <datafield tag="100" ind1=" " ind2=" ">
    <subfield code="a">Jarauta Mari&#xF3;n, Francisco y L&#xF3;pez Albaladejo, Jos&#xE9;. </subfield>
    <subfield code="9">1387</subfield>
  </datafield>
  <datafield tag="110" ind1=" " ind2=" ">
    <subfield code="a">Coleccion de Arquitectura: Colegio Oficial de Apareajdores y Arquitectos T&#xE9;cnicos, Murc&#xED;a</subfield>
    <subfield code="9">1388</subfield>
  </datafield>
  <datafield tag="245" ind1=" " ind2=" ">
    <subfield code="a">Piet Mondrian: La Nueva Imagen en la Pintura </subfield>
    <subfield code="b">La realizaci&#xF3;n del neoplasticismo en la arquitectura del futuro lejano y de hoy</subfield>
    <subfield code="c">Francisco Jarauta Mari&#xF3;n y Jos&#xE9; L&#xF3;pez Albaladejo</subfield>
  </datafield>
  <datafield tag="250" ind1=" " ind2=" ">
    <subfield code="a">1983</subfield>
    <subfield code="b">1993</subfield>
  </datafield>
  <datafield tag="260" ind1=" " ind2=" ">
    <subfield code="a">Murcia </subfield>
    <subfield code="b">Coleccion de Arquitectura</subfield>
    <subfield code="c">1993</subfield>
  </datafield>
  <datafield tag="300" ind1=" " ind2=" ">
    <subfield code="a">138 p </subfield>
    <subfield code="b">ill.</subfield>
    <subfield code="c">19 cm</subfield>
  </datafield>
  <datafield tag="440" ind1=" " ind2=" ">
    <subfield code="a">Piet Mondrian: La Nueva Imagen en la Pintura </subfield>
    <subfield code="v"> Vol.9</subfield>
    <subfield code="9">1389</subfield>
  </datafield>
  <datafield tag="505" ind1=" " ind2=" ">
    <subfield code="t">Piet Mondrian: La Nueva Imagen en la Pintura.  La realizaci&#xF3;n del neoplasticismo en la arquitectura del futuro lejano y de hoy</subfield>
    <subfield code="t">La Nueva Imagen en la Pintura, Introducci&#xF3;n. La nueva imagen en la pintura. La  nueva imagen como pintura real-abstracta. Medio de expresi&#xF3;n y composici&#xF3;n.  Lo justificado de la nueva imagen. De lo natural a lo abstracto, es decir de lo indefinido a lo definido 1,2,3,4. La naturaleza y el esp&#xED;ritu, como elementos femenino y masculino. De lo definido y lo indefinido (Suplemento a la nueva imagen de la pintura)    </subfield>
    <subfield code="t">Realizaci&#xF3;n del neoplasticismo en la arquitectura del futuro lejano y de hoy 1 y 2. </subfield>
  </datafield>
  <datafield tag="650" ind1=" " ind2=" ">
    <subfield code="a">Neoplasticismo</subfield>
    <subfield code="v">Pintura Moderna sigloXX</subfield>
    <subfield code="z">Holanda </subfield>
    <subfield code="9">1390</subfield>
  </datafield>
  <datafield tag="700" ind1=" " ind2=" ">
    <subfield code="a">Francisco Jarauta Mari&#xF3;n y Jos&#xE9; L&#xF3;pez Albaladejo</subfield>
    <subfield code="9">1391</subfield>
  </datafield>
  <datafield tag="710" ind1=" " ind2=" ">
    <subfield code="a">Coleccion de Arquitectura: Colegio Oficial de Apareajdores y Arquitectos T&#xE9;cnicos, Murc&#xED;a</subfield>
    <subfield code="9">1392</subfield>
  </datafield>
  <datafield tag="999" ind1=" " ind2=" ">
    <subfield code="c">298</subfield>
    <subfield code="d">298</subfield>
  </datafield>
  <datafield tag="952" ind1=" " ind2=" ">
    <subfield code="0">0</subfield>
    <subfield code="1">0</subfield>
    <subfield code="2">ddc</subfield>
    <subfield code="4">0</subfield>
    <subfield code="7">0</subfield>
    <subfield code="a">LV</subfield>
    <subfield code="b">LV</subfield>
    <subfield code="c">Pensamiento</subfield>
    <subfield code="d">2014-08-29</subfield>
    <subfield code="l">0</subfield>
    <subfield code="o">759.949.2 M741n</subfield>
    <subfield code="p">000347</subfield>
    <subfield code="r">2014-08-29 00:00:00</subfield>
    <subfield code="w">2014-08-29</subfield>
    <subfield code="y">01</subfield>
  </datafield>
</record>
